000 00720nam a2200205Ia 4500
003 GCL
005 20240530103740.0
008 140319s9999 xx 000 0 ara d
040 _aGCL /
_cGCL
082 0 4 _a811.9
_bأ أ
100 1 _aايليا الحاوى
245 1 0 _aابو القاسم الشابى : شاعر الحياة والموت /
_cايليا الحاوى
300 _aمتعدد
490 0 _aالشعر العربى المعاصر : دراسة وتقييم
650 0 4 _aالشعراء العرب
650 0 4 _aالشعر العربى - دواوين وقصائد
650 0 4 _aالشعر العربى - العصر الحديث
700 1 _aابوالقاسم الشابى
942 _2ddc
_cBK
999 _c42164
_d42164